|
|
|
|
| LEADER |
01890nam a2200361 a 4500 |
| 001 |
17190 |
| 003 |
BD-DhAAL |
| 008 |
090519s2005 enkaf b 001 0 eng d |
| 010 |
|
|
|a 2004054541
|
| 020 |
|
|
|a 9780521828895 (hbk.)
|
| 020 |
|
|
|a 052169180x
|
| 020 |
|
|
|a 9780521691802
|
| 040 |
|
|
|a DLC
|c DLC
|d C#P
|d OCL
|d DLC
|d BD-DhAAL
|
| 082 |
0 |
0 |
|a 572
|2 22
|
| 245 |
0 |
0 |
|a Principles and techniques of biochemistry and molecular biology /
|c edited by Keith Wilson and John Walker.
|
| 246 |
3 |
0 |
|a Biochemistry and molecular biology
|
| 250 |
|
|
|a Sixth edition.
|
| 260 |
|
|
|a Cambridge ;
|a New York :
|b Cambridge University Press,
|c 2005.
|
| 300 |
|
|
|a xvii, 783 p., [5] pages of plates :
|b illustrations (some color) ;
|c 26 cm
|
| 500 |
|
|
|a New & expanded ed. of: Principles and techniques of practical biochemistry. 5th ed. c2000.
|
| 504 |
|
|
|a Includes bibliographical references and index.
|
| 526 |
|
|
|a MNS
|x Iftekhar Mohammad Shafiqul Kalam
Faculty member of Mathematics and Natural Sciences (MNS)
Course Title and No. : N/A
|
| 541 |
1 |
|
|e 17190
|a D. S. Books International
|
| 650 |
|
0 |
|a Biochemistry
|x Methodology.
|9 26478
|
| 650 |
|
0 |
|a Molecular biology
|x Methodology.
|9 26479
|
| 700 |
1 |
|
|a Wilson, Keith,
|d 1936-
|9 26480
|
| 700 |
1 |
|
|a Walker, John M.,
|d 1948-
|9 26481
|
| 730 |
0 |
|
|a Principles and techniques of practical biochemistry.
|9 26482
|
| 852 |
4 |
|
|a Ayesha Abed library
|c Generl Stacks
|
| 942 |
|
|
|2 ddc
|c BK
|
| 999 |
|
|
|c 863
|d 863
|
| 952 |
|
|
|0 0
|1 0
|2 ddc
|4 0
|6 572_PRI
|7 0
|9 801
|a BRACUL
|b BRACUL
|c GEN
|d 2009-05-19
|e D. S. Books International
|g 930.00
|l 13
|m 61
|o 572 PRI
|p 3010017190
|q 2026-07-02
|r 2026-03-04
|s 2026-03-04
|t 1
|w 2009-05-19
|y BK
|x Requisitioned by Iftekhar Mohammad Shafiqul Kalam, Faculty member of Mathematics and Natural Sciences (MNS) ; USD 8.46
|
| 952 |
|
|
|0 0
|1 0
|2 ddc
|4 0
|6 572_PRI
|7 0
|9 15926
|a BRACUL
|b BRACUL
|c GEN
|d 2011-03-30
|l 18
|m 97
|o 572 PRI
|p 3010018626
|r 2025-09-21
|s 2025-08-17
|t 2
|w 2011-03-30
|y BK
|